000 00614nam a2200229Ia 4500
003 OSt
005 20221007071707.0
006 a|||||r|||| 00| 0
007 ta
008 221006b |||||||| |||| 00| 0 eng d
024 _a15,263
037 _cTextual
040 _aFLL
_cFLL
_beng
041 _2eng
_aeng
082 _aX:9585.3.N7, L8
100 _aMeidner R. Au.
_9689224
245 0 _aEmployee investment funds
260 _aLondon
_bGeorge allen and unwin London
_c1978
300 _a132p
_ccm.
942 _hX:9585.3.N7, L8
_cTEXL
_2CC
999 _c1143990
_d1143990